| 000 | 00822nam a2200241Ia 4500 | ||
|---|---|---|---|
| 001 | 18392 | ||
| 003 | GE_BSU | ||
| 008 | 181216s||||||||xx |||||||||||||| ||und|| | ||
| 020 | _a9789941156380 | ||
| 040 | _cGE_BSU | ||
| 080 | _a51(072.3) | ||
| 100 | _aჯაფარიძე,ნ. წილოსანი,მ. წულაია,ნ. | ||
| 245 | _aმათემატიკა. 11კლ. მასწავლებლის წიგნი. | ||
| 260 | _aთბილისი | ||
| 260 | _bბაკურ სულაკაურის გამ-ბა | ||
| 260 | _c2012 | ||
| 300 | _a92გვ.28 სმ. | ||
| 300 | _eბიბლ.გვ.92 | ||
| 541 | _h8ლ. | ||
| 653 | _aმათემატიკა 11კლ. | ||
| 653 | _aმასწავლებლის წიგნი. | ||
| 942 | _cBK | ||
| 999 |
_c51407 _d51407 |
||